FIFA 20 TOTY Quiz - Statistics

General Stats
  • This quiz has been taken 394 times
  • The average score is 10 of 12
Answer Stats
Position Player % Correct
Right Winger Lionel Messi
98%
12th Man Cristiano Ronaldo
96%
Centre-back Virgil Van Dijk
93%
Goalkeeper Alisson
92%
Striker Kylian Mbappe
90%
Centre-Midfielder Kevin De Bruyne
87%
Left-back Andrew Robertson
85%
Right-back Trent Alexander-Arnold
85%
Left Winger Sadio Mane
81%
Centre-Midfielder N’Golo Kante
79%
Centre-back Matthijs De Ligt
68%
Centre-Midfielder Frenkie De Jong
65%
No matching quizzes found
Score Distribution
Percent of People with Each Score
Percentile by Number Answered
Your Score History
You have not taken this quiz